US City Word Chain - Statistics

General Stats
  • This quiz has been taken 271 times
  • The average score is 12 of 17
Answer Stats
Hint Answer % Correct
Mardi Gras New Orleans
94%
Mickey Mouse Orlando
85%
Capital of the place where everything is big Austin
84%
Flo Rida Miami
81%
Coca-Cola Atlanta
79%
Witch trials or state capital? Salem
79%
Racing Indianapolis
78%
Raiders Oakland
74%
Rain Seattle
74%
The name of a very large lake Erie
71%
Stereotypically dangerous Detroit
70%
US Birthplace Philadelphia
66%
The sunshine capital Tallahassee
65%
Capital of the state that shares its name Oklahoma City
64%
On the southern border San Diego
64%
Basically mexico El Paso
62%
North of the biggest city in the US Yonkers
45%
No matching quizzes found
Score Distribution
Percent of People with Each Score
Percentile by Number Answered
Your Score History
You have not taken this quiz